Alkatrészek készletezésének, raktározásának vizsgálata az Autoliv Kft-nél

Bibliográfiai részletek
Szerző: Kerényi Zsuzsanna
További közreműködők: Mosonyiné Ádám Gizella
Dokumentumtípus: Diplomadolgozat
Kulcsszavak:Raktározás
Készletezés
Autoliv Kft.
Autóalkatrész
Online Access:http://dolgozattar.uni-bge.hu/15953

MARC

LEADER 00000nta a2200000 i 4500
001 dolg15953
005 20200416035935.0
008 180509suuuu hu om 000 hun d
040 |a BGE Dolgozattár Repozitórium  |b hun 
041 |a hu 
100 1 |a Kerényi Zsuzsanna 
245 1 0 |a Alkatrészek készletezésének, raktározásának vizsgálata az Autoliv Kft-nél  |c Kerényi Zsuzsanna  |h [elektronikus dokumentum] 
695 |a Raktározás 
695 |a Készletezés 
695 |a Autoliv Kft. 
695 |a Autóalkatrész 
700 1 |a Mosonyiné Ádám Gizella  |e ths 
856 4 0 |u http://dolgozattar.uni-bge.hu/15953/1/Szakdolgozat%20Ker%C3%A9nyi%20Zsuzsanna.pdf  |z Dokumentum-elérés 
856 4 0 |u http://dolgozattar.uni-bge.hu/15953/2/Ker%C3%A9nyi%20Zs.%20bizalmas.pdf  |z Dokumentum-elérés